Protected landscape areas of the Czech Republic

Korporativní autor: Agentura ochrany přírody a krajiny ČR
Jazyk: Angličtina
Vydáno: Praha : Nature Conservation Agency of the Czech Republic, [2015]
Témata:
Fyzický popis: 54 nečíslovaných stran : barevné ilustrace, mapy ; 11 x 21 cm
Knihy
Uloženo v:
LEADER 01605nam a2200445 i 4500
001 nkc20152765225
003 CZ PrNK
005 20160513072022.0
007 ta
008 160404t20152015xr ab e f 000 0 eng
015 |a cnb002765225 
020 |a 978-80-88076-17-9  |q (brožováno) 
035 |a (OCoLC)949213451 
040 |a ABA001  |b cze  |e rda 
043 |a e-xr--- 
072 7 |a 502  |x Životní prostředí a jeho ochrana  |2 Konspekt  |9 2 
080 |a 502.21(1-751.4)  |2 MRF 
080 |a (437.3)  |2 MRF 
080 |a (041)  |2 MRF 
245 0 0 |a Protected landscape areas of the Czech Republic 
264 1 |a Praha :  |b Nature Conservation Agency of the Czech Republic,  |c [2015] 
264 4 |c ©2015 
300 |a 54 nečíslovaných stran :  |b barevné ilustrace, mapy ;  |c 11 x 21 cm 
336 |a text  |b txt  |2 rdacontent 
336 |a statický obraz  |b sti  |2 rdacontent 
337 |a bez média  |b n  |2 rdamedia 
338 |a svazek  |b nc  |2 rdacarrier 
500 |a Název z obálky 
500 |a Nad názvem: Nature Conservation Agency of the Czech Republic 
650 0 7 |a chráněné krajinné oblasti  |7 ph114252  |z Česko  |2 czenas 
650 0 9 |a protected landscape areas  |z Czechia  |2 eczenas 
655 7 |a brožury  |7 fd131925  |2 czenas 
655 9 |a brochures  |2 eczenas 
710 2 |a Agentura ochrany přírody a krajiny ČR  |7 ko2002148930  |4 isb 
910 2 |a BOA001  |b 2-1365.580 
928 9 |a Agentura ochrany přírody a krajiny České republiky 
990 |a BK 
995 |a 01 
991 |b 201604  |c NOV 
996 6 |b 2610666278  |c 2-1365.580  |l MZK  |r Sklad / do 1 hodiny  |n 0  |p p.v.  |w 001555090  |u 000010  |a 1  |e BOA001  |j MZK50  |s P